| 000 | 03152nam2a22004091 4500 | ||
|---|---|---|---|
| 001 | RU\NLR\A1\7129 | ||
| 005 | 20260608064423.0 | ||
| 035 | _a(NLR Aleph) 009672957 | ||
| 090 |
_a13474265 _c13474265 |
||
| 100 | _a19970410d1766 m y0rusy50 ca | ||
| 101 | 1 |
_arus _cfre |
|
| 140 | _ay y ebyaa0000 | ||
| 200 | 0 | _a[Ч.2] | |
| 215 | _a69-144 с. | ||
| 316 |
_aЭкз. РНБ (18.229.3.12(2)): ч.1-2 в одном пер. На с.144 круглый штамп ГПБ. На всем кн. блоке потеки. _5NLR: 18.229.3.12(2) |
||
| 316 |
_aЭкз. РНБ (138/94(2)): ч.1-2 в одном пер. На с.144 круглый штамп ГПБ. _5NLR: 138/94(2) |
||
| 316 |
_aЭкз. РНБ (РЗФ 18 в. 3/944 (ал.1,ч.2)а): ч.1-2 в одном пер. _5NLR: РЗФ 18 в. 3/944 (ал.1,ч.2)а |
||
| 316 |
_aЭкз. РНБ (РЗФ 18 в. 3/944 (ал.1,ч.2)) является частью владельч. конволюта. Ч.1-2 в одном пер. Припл. к ч.1. _5NLR: РЗФ 18 в. 3/944 (ал.1,ч.2) |
||
| 317 |
_aЭкз. РНБ (РЗФ 18 в. 3/944 (ал.1,ч.2)а) из б-к П.Милорадовича, Д.Саранчова. Куплен у В.И.Клочкова. _5NLR: РЗФ 18 в. 3/944 (ал.1,ч.2)а |
||
| 317 |
_aВ экз. РНБ (РЗФ 18 в. 3/944 (ал.1,ч.2)) из б-ки Н. Кащеева. Куплен у В.И.Клочкова». _5NLR: РЗФ 18 в. 3/944 (ал.1,ч.2) |
||
| 461 | 1 |
_1001RU\NLR\A1\7127 _12000#$aЛюбовники философы, или Страсть предводимая разсуждением.$fПереведена с французскаго.$v[Ч.2] _1700#1$6z01700$aБроон$bЖ.Э.$f1731-1778$gЖаклин Эме$4070 _1700#1$6z01700$7ba$aBrohon$bJ.A.$f1731-1778$gJacqueline Aimée$4070 _99670190 _aБроон, Ж.Э. (1731-1778) _c[М.] _d1766 _fПереведена с французскаго. _nпечатана при Императорском Московском университете _tЛюбовники философы, или Страсть предводимая разсуждением. _v[Ч.2] |
|
| 482 | 0 |
_1001RU\NLR\A1\7128 _12000#$aЧ.1 _913474264 _p67, [1] с. _tЛюбовники философы, или Страсть предводимая разсуждением. - Ч.1 |
|
| 702 | 1 |
_aСаранчов _bД. _gДмитрий _5NLR: РЗФ 18 в. 3/944а (ч.2) _4390 |
|
| 702 | 1 |
_aМилорадович _bП. _gПетр _5NLR: РЗФ 18 в. 3/944а (ч.2) _4390 |
|
| 702 | 1 |
_4390 _7ca _8rus _aКлочков _bВ. И. _fок.1861-1915 _gВасилий Иванович _3RU\NLR\AUTH\770172651 _9172600 |
|
| 702 | 1 |
_4390 _7ca _8rus _aКлочков _bВ. И. _fок.1861-1915 _gВасилий Иванович _3RU\NLR\AUTH\770172651 _9172600 |
|
| 702 | 1 |
_aКащеев _bН. _gНиколай _5NLR: РЗФ 18 в. 3/944 (алл.1 ч.2) _4390 |
|
| 801 | 0 |
_aRU _bNLR _c19970410 |
|
| 852 |
_aNLR _j18.229.3.12(2) |
||
| 852 |
_aNLR _j138/94(2) |
||
| 852 |
_aNLR _bРЗФ _j18 в. 3/944 (ал.1,ч.2) |
||
| 852 |
_aNLR _bРЗФ _j18 в. 3/944 (ал.1,ч.2)а |
||
| 942 | _cBOOK | ||
| 980 | 9 | _akprsl | |
| 980 | _aA1XVIIIv | ||
| 980 | _aNB | ||